[Event "Eljanov Memorial 6th"]
[Site "Chess.com INT"]
[Date "2020.10.29"]
[Round "4"]
[White "Mitusov, Semen"]
[Black "Tarleva, Vira"]
[Result "1-0"]
[WhiteElo "2306"]
[BlackElo "2030"]
[PlyCount "129"]
[EventDate "2020.10.29"]
[EventType "swiss (blitz)"]
[EventRounds "9"]
[EventCountry "UKR"]
[SourceTitle "CBM 199 Extra"]
[Source "ChessBase"]
[SourceDate "2021.01.31"]
[SourceVersion "1"]
[SourceVersionDate "2021.01.31"]
[SourceQuality "1"]

1. e4 c5 2. c3 d5 3. exd5 Qxd5 4. d4 Nf6 5. Nf3 Bg4 6. Be2 e6 7. 0-0 cxd4 8. cxd4 Nc6 9. Nc3 Qa5 10. h3 Bh5 11. Bf4 Be7 12. Qd2 0-0 13. Rfd1 Rfd8 14. Qe3 Nb4 15. Bg5 Nc2 16. Qd2 Nxa1 17. Rxa1 Bxf3 18. Bxf3 Qb6 19. Rd1 h6 20. Bf4 Rac8 21. Be5 Nd7 22. Bf4 Bd6 23. Be3 Nf6 24. a3 Bb8 25. g3 Qb3 26. Qe2 Nd5 27. Bxd5 exd5 28. Rd2 Re8 29. Qh5 Bxg3 30. Bxh6 Re6 31. fxg3 Rxh6 32. Qg4 Re8 33. Rf2 Qc4 34. Qd7 Rf8 35. Nxd5 Qc1+ 36. Kg2 Rc6 37. Ne7+ Kh8 38. Nxc6 bxc6 39. Qxa7 Qe3 40. Qd7 Qe4+ 41. Kh2 Qd5 42. Qxd5 cxd5 43. Rc2 f6 44. Kg2 Rb8 45. b4 Ra8 46. Rc3 Kg8 47. Kf3 Kf7 48. Ke3 Ke6 49. Kd2 Kf5 50. Kc2 Ke4 51. Kb3 Kxd4 52. Rc7 Ke4 53. Re7+ Kf3 54. Rxg7 d4 55. Rd7 Ke3 56. a4 d3 57. b5 d2 58. Kb4 Ke2 59. a5 d1Q 60. Rxd1 Kxd1 61. b6 Ke2 62. Kb5 Kf3 63. b7 Rd8 64. a6 Kxg3 65. a7 1-0

[Event "Eljanov Memorial 6th"]
[Site "Chess.com INT"]
[Date "2020.10.29"]
[Round "2"]
[White "Tarleva, Vira"]
[Black "Zhukova, Natalia"]
[Result "0-1"]
[WhiteElo "2030"]
[BlackElo "2338"]
[PlyCount "72"]
[EventDate "2020.10.29"]
[EventType "swiss (blitz)"]
[EventRounds "9"]
[EventCountry "UKR"]
[SourceTitle "CBM 199 Extra"]
[Source "ChessBase"]
[SourceDate "2021.01.31"]
[SourceVersion "1"]
[SourceVersionDate "2021.01.31"]
[SourceQuality "1"]

1. e4 e5 2. Nf3 Nc6 3. d4 exd4 4. Bc4 Nf6 5. e5 d5 6. Bb5 Ne4 7. Nxd4 Bd7 8. Bxc6 bxc6 9. 0-0 Be7 10. f3 Nc5 11. Nc3 0-0 12. Bf4 Ne6 13. Nxe6 fxe6 14. Bg3 c5 15. Qd2 c4 16. Kh1 Rb8 17. b3 cxb3 18. axb3 c5 19. Rxa7 Be8 20. Rfa1 Bg6 21. Ne2 Bg5 22. f4 Bh4 23. R1a6 Rb6 24. Qa5 Rxa6 25. Qxd8 Rxd8 26. Rxa6 Bxg3 27. hxg3 Bxc2 28. Rxe6 d4 29. Rd6 Rxd6 30. exd6 Kf7 31. Kg1 d3 32. Nc3 d2 33. Kf2 d1Q 34. Nxd1 Bxd1 35. Ke3 Bxb3 36. g4 Ke6 0-1

[Event "Speed Chess (Women) Q5"]
[Site "Chess.com INT"]
[Date "2020.06.22"]
[Round "11"]
[White "Tarleva, Vira"]
[Black "Hernandez Bonilla, Amelia"]
[Result "0-1"]
[WhiteElo "2030"]
[BlackElo "2016"]
[PlyCount "96"]
[EventDate "2020.06.22"]
[EventType "swiss (blitz)"]
[EventRounds "13"]
[EventCountry "USA"]
[SourceTitle "CBM 196 Extra"]
[Source "ChessBase"]
[SourceDate "2020.07.31"]
[SourceVersion "1"]
[SourceVersionDate "2020.07.31"]
[SourceQuality "1"]

1. e4 c5 2. Nf3 d6 3. d4 cxd4 4. Nxd4 Nf6 5. Nc3 Nc6 6. g3 g6 7. Bg2 Bd7 8. 0-0 Bg7 9. Nde2 0-0 10. Nf4 Bg4 11. f3 Bd7 12. Be3 a6 13. Qd2 Ne5 14. b3 Rc8 15. Nce2 b5 16. c3 Qa5 17. Rfd1 Rfd8 18. Rac1 Qa3 19. Nd5 Nxd5 20. exd5 a5 21. Nd4 a4 22. b4 Nc4 23. Qe2 Nxe3 24. Qxe3 Qxa2 25. Rd2 Qc4 26. Ne2 Re8 27. f4 Bg4 28. h3 Bf5 29. g4 Bd7 30. Be4 Qc7 31. Bg2 e6 32. Qd3 e5 33. f5 Rb8 34. Ng3 Rec8 35. g5 gxf5 36. Nxf5 Bxf5 37. Qxf5 Qb6+ 38. Kh1 Ra8 39. Be4 Kf8 40. Rf1 Ra7 41. Qxc8+ Ke7 42. Qf5 Kf8 43. Qxh7 a3 44. g6 f6 45. Qh4 a2 46. Rxf6+ Bxf6 47. Qxf6+ Kg8 48. Qe6+ Kg7 0-1

[Event "Speed Chess (Women) Q4"]
[Site "Chess.com INT"]
[Date "2020.06.21"]
[Round "9"]
[White "Tarleva, Vira"]
[Black "Gvanceladze, Anna"]
[Result "0-1"]
[WhiteElo "2030"]
[BlackElo "2254"]
[PlyCount "58"]
[EventDate "2020.06.21"]
[EventType "swiss (blitz)"]
[EventRounds "9"]
[EventCountry "USA"]
[SourceTitle "CBM 196 Extra"]
[Source "ChessBase"]
[SourceDate "2020.07.31"]
[SourceVersion "1"]
[SourceVersionDate "2020.07.31"]
[SourceQuality "1"]

1. e4 c6 2. d4 d5 3. exd5 cxd5 4. Bd3 Nc6 5. c3 Qc7 6. Nf3 Bg4 7. Be3 e6 8. h3 Bh5 9. Nbd2 Bd6 10. 0-0 Nge7 11. c4 Bf4 12. b3 Rd8 13. c5 Bg6 14. Bxg6 hxg6 15. Qe2 Nf5 16. Rfd1 g5 17. Nxg5 Nxe3 18. fxe3 Bxg5 19. Nf1 Qe7 20. e4 dxe4 21. Qxe4 Rd5 22. a3 0-0 23. Kh1 Rfd8 24. b4 Rxd4 25. Rxd4 Rxd4 26. Qf3 Qf6 27. Qe2 Rxb4 28. Rd1 Rb2 29. Qd3 Qf2 0-1

[Event "Speed Chess (Women) Q4"]
[Site "Chess.com INT"]
[Date "2020.06.21"]
[Round "8"]
[White "Tarleva, Vira"]
[Black "Priyanka, K."]
[Result "1-0"]
[WhiteElo "2030"]
[BlackElo "2218"]
[PlyCount "51"]
[EventDate "2020.06.21"]
[EventType "swiss (blitz)"]
[EventRounds "9"]
[EventCountry "USA"]
[SourceTitle "CBM 196 Extra"]
[Source "ChessBase"]
[SourceDate "2020.07.31"]
[SourceVersion "1"]
[SourceVersionDate "2020.07.31"]
[SourceQuality "1"]

1. e4 c5 2. Nf3 d6 3. d4 cxd4 4. Nxd4 Nf6 5. Nc3 a6 6. h3 e5 7. Nde2 h5 8. Ng3 h4 9. Nge2 Be6 10. Bg5 Be7 11. Qd2 Nbd7 12. Bxf6 Nxf6 13. 0-0-0 b5 14. f3 Nh5 15. Kb1 Rc8 16. Nd5 Bg5 17. Qd3 0-0 18. g3 hxg3 19. Rg1 Bh4 20. f4 Bxd5 21. Qxd5 Nxf4 22. Nxf4 exf4 23. Bg2 Be7 24. Qf5 g5 25. e5 Rc5 26. Be4 1-0

[Event "Speed Chess (Women) Q2"]
[Site "Chess.com INT"]
[Date "2020.06.19"]
[Round "3"]
[White "Harika, Dronavalli"]
[Black "Tarleva, Vira"]
[Result "1-0"]
[WhiteElo "2515"]
[BlackElo "2030"]
[PlyCount "101"]
[EventDate "2020.06.19"]
[EventType "swiss (blitz)"]
[EventRounds "13"]
[EventCountry "USA"]
[SourceTitle "CBM 196 Extra"]
[Source "ChessBase"]
[SourceDate "2020.07.31"]
[SourceVersion "1"]
[SourceVersionDate "2020.07.31"]
[SourceQuality "1"]

1. e4 c5 2. Nf3 d6 3. Bb5+ Bd7 4. Bxd7+ Nxd7 5. 0-0 Ngf6 6. Re1 e6 7. d4 cxd4 8. Nxd4 a6 9. c4 Be7 10. b3 0-0 11. Bb2 Qa5 12. Nc3 Rac8 13. Qd2 Rfd8 14. Rad1 Bf8 15. h3 Ne5 16. f4 Nc6 17. Nxc6 bxc6 18. Nd5 Qxd2 19. Nxf6+ gxf6 20. Rxd2 Be7 21. Red1 e5 22. Kf2 f5 23. fxe5 fxe4 24. exd6 e3+ 25. Kxe3 Bg5+ 26. Kf3 Bxd2 27. Rxd2 c5 28. Bf6 Rd7 29. Rd5 Rc6 30. Rg5+ Kf8 31. Be7+ Rxe7 32. dxe7+ Kxe7 33. Rd5 Ke6 34. g4 Rc8 35. Ke4 f6 36. Rh5 Rc7 37. Rd5 Rc8 38. h4 Rg8 39. Kf4 Rc8 40. g5 fxg5+ 41. Kxg5 a5 42. Kh6 Rc7 43. h5 a4 44. bxa4 Ra7 45. Rxc5 Rxa4 46. Kxh7 Rxa2 47. h6 Rg2 48. Rc7 Kd6 49. Rg7 Rh2 50. Rg6+ Kd7 51. Kg7 1-0

[Event "Speed Chess (Women) Q2"]
[Site "Chess.com INT"]
[Date "2020.06.19"]
[Round "7"]
[White "Tarleva, Vira"]
[Black "Kucharska, Honorata"]
[Result "1-0"]
[WhiteElo "2030"]
[BlackElo "2113"]
[PlyCount "93"]
[EventDate "2020.06.19"]
[EventType "swiss (blitz)"]
[EventRounds "13"]
[EventCountry "USA"]
[SourceTitle "CBM 196 Extra"]
[Source "ChessBase"]
[SourceDate "2020.07.31"]
[SourceVersion "1"]
[SourceVersionDate "2020.07.31"]
[SourceQuality "1"]

1. e4 e6 2. d4 d5 3. Nd2 c5 4. exd5 exd5 5. Ngf3 Nc6 6. dxc5 Bxc5 7. Bd3 Nf6 8. 0-0 0-0 9. Nb3 Bd6 10. h3 a5 11. c3 Be6 12. Nbd4 Ne5 13. Bc2 Qd7 14. Nxe5 Bxe5 15. Qd3 Bxd4 16. Qxd4 Rac8 17. Bd3 Qc7 18. Bg5 Nd7 19. Qh4 g6 20. Bh6 Rfe8 21. Rfe1 Qd8 22. Bg5 f6 23. Bd2 Ne5 24. Bb5 Rf8 25. Qg3 Qb6 26. a4 Bf7 27. Kh1 Be8 28. f4 Bxb5 29. fxe5 Bd7 30. exf6 Bf5 31. Qg5 Qxf6 32. Qg3 Be4 33. Bg5 Qe6 34. Rf1 Rf5 35. Rae1 Rcf8 36. Rxf5 Qxf5 37. Bh6 Re8 38. Qc7 Qf7 39. Qxf7+ Kxf7 40. Rf1+ Ke6 41. Bg5 Rc8 42. Rf6+ Ke5 43. Rf7 b6 44. Rxh7 d4 45. Re7+ Kd5 46. cxd4 Rc2 47. Rd7+ 1-0

[Event "Speed Chess (Women) Q2"]
[Site "Chess.com INT"]
[Date "2020.06.19"]
[Round "11"]
[White "Tarleva, Vira"]
[Black "Michelle, Catherina P"]
[Result "1/2-1/2"]
[WhiteElo "2030"]
[BlackElo "2176"]
[PlyCount "105"]
[EventDate "2020.06.19"]
[EventType "swiss (blitz)"]
[EventRounds "13"]
[EventCountry "USA"]
[SourceTitle "CBM 196 Extra"]
[Source "ChessBase"]
[SourceDate "2020.07.31"]
[SourceVersion "1"]
[SourceVersionDate "2020.07.31"]
[SourceQuality "1"]

1. e4 e5 2. Nf3 Nc6 3. d4 exd4 4. Bc4 Nf6 5. e5 Ng4 6. 0-0 d6 7. exd6 Qxd6 8. h3 Nge5 9. Re1 Be7 10. Nxe5 Nxe5 11. Bf4 f6 12. Nd2 Be6 13. Ne4 Qc6 14. Bxe6 Qxe6 15. Qxd4 0-0 16. Nc5 Qc6 17. Bxe5 Bxc5 18. Qc4+ Kh8 19. Bd4 Bxd4 20. Qxd4 Rad8 21. Qb4 b6 22. c3 a5 23. Qg4 Qc5 24. Rad1 Kg8 25. Rd7 Rxd7 26. Qxd7 Qd6 27. Re7 Qxd7 28. Rxd7 Rf7 29. Rd8+ Rf8 30. Rd7 Rf7 31. Rd5 Re7 32. Kf1 Kf7 33. f3 g6 34. Kf2 f5 35. Rd8 Kf6 36. Rf8+ Kg7 37. Rd8 Kf7 38. g4 Kf6 39. h4 fxg4 40. fxg4 h5 41. g5+ Kf5 42. Rd4 Re6 43. Kf3 c5 44. Rf4+ Ke5 45. Re4+ Kd5 46. Rxe6 Kxe6 47. Ke4 Kd6 48. c4 Ke6 49. b3 Kd6 50. Kf4 Ke6 51. Ke4 Kd6 52. Kf4 Ke6 53. Ke4 1/2-1/2

[Event "Speed Chess (Women) Q2"]
[Site "Chess.com INT"]
[Date "2020.06.19"]
[Round "2"]
[White "Tarleva, Vira"]
[Black "Yip, Carissa"]
[Result "1/2-1/2"]
[WhiteElo "2030"]
[BlackElo "2420"]
[PlyCount "114"]
[EventDate "2020.06.19"]
[EventType "swiss (blitz)"]
[EventRounds "13"]
[EventCountry "USA"]
[SourceTitle "CBM 196 Extra"]
[Source "ChessBase"]
[SourceDate "2020.07.31"]
[SourceVersion "1"]
[SourceVersionDate "2020.07.31"]
[SourceQuality "1"]

1. e4 c5 2. Nf3 d6 3. d4 cxd4 4. Nxd4 Nf6 5. Nc3 g6 6. f4 Nc6 7. Bb5 Bd7 8. Bxc6 Bxc6 9. Qf3 Qc7 10. Be3 Bg7 11. Nxc6 Qxc6 12. 0-0 b5 13. e5 Qxf3 14. Rxf3 dxe5 15. fxe5 Ng4 16. Nxb5 Bxe5 17. Bf4 Rc8 18. Bxe5 Nxe5 19. Rc3 Rxc3 20. Nxc3 Kd7 21. Rd1+ Kc6 22. Kf2 Rb8 23. b3 e6 24. Ne4 Kc7 25. h3 h6 26. Ke3 Nc6 27. Nf6 Rd8 28. Rxd8 Kxd8 29. c3 Ke7 30. Ne4 f5 31. Nc5 Kd6 32. Nd3 e5 33. g4 Ne7 34. c4 Ng8 35. b4 Nf6 36. gxf5 gxf5 37. c5+ Kd5 38. b5 e4 39. c6 Kd6 40. Nf4 Ne8 41. Kd4 Nc7 42. a4 Ne6+ 43. Nxe6 Kxe6 44. a5 Kd6 45. Ke3 a6 46. b6 Kxc6 47. Kf4 Kb7 48. Ke3 Kc6 49. Kf4 Kb7 50. Ke3 Kc8 51. Kf4 Kb8 52. Ke3 h5 53. h4 Kb7 54. Kf4 Kc6 55. Ke3 Kb7 56. Kf4 Kc6 57. Ke3 Kb7 1/2-1/2

[Event "Speed Chess (Women) Q2"]
[Site "Chess.com INT"]
[Date "2020.06.19"]
[Round "5"]
[White "Xu, Yuanyuan"]
[Black "Tarleva, Vira"]
[Result "1-0"]
[WhiteElo "2317"]
[BlackElo "2030"]
[PlyCount "39"]
[EventDate "2020.06.19"]
[EventType "swiss (blitz)"]
[EventRounds "13"]
[EventCountry "USA"]
[SourceTitle "CBM 196 Extra"]
[Source "ChessBase"]
[SourceDate "2020.07.31"]
[SourceVersion "1"]
[SourceVersionDate "2020.07.31"]
[SourceQuality "1"]

1. d4 d5 2. c4 c6 3. Nf3 Nf6 4. e3 e6 5. b3 a6 6. Bb2 b5 7. Nbd2 Be7 8. Bd3 0-0 9. 0-0 bxc4 10. bxc4 c5 11. cxd5 exd5 12. dxc5 Bxc5 13. Bxf6 Qxf6 14. Qc2 Nd7 15. Bxh7+ Kh8 16. Bd3 Bb7 17. Nb3 Rac8 18. Qe2 Qh6 19. Nbd4 g6 20. Qb2 1-0

[Event "Speed Chess (Women) Q1"]
[Site "Chess.com INT"]
[Date "2020.06.18"]
[Round "8"]
[White "Sharmin, Samiha Shimmi"]
[Black "Tarleva, Vira"]
[Result "1-0"]
[WhiteElo "1812"]
[BlackElo "2030"]
[PlyCount "65"]
[EventDate "2020.06.18"]
[EventType "swiss (blitz)"]
[EventRounds "9"]
[EventCountry "USA"]
[SourceTitle "CBM 196 Extra"]
[Source "ChessBase"]
[SourceDate "2020.07.31"]
[SourceVersion "1"]
[SourceVersionDate "2020.07.31"]
[SourceQuality "1"]

1. e4 c5 2. Nf3 d6 3. d4 cxd4 4. Nxd4 Nf6 5. Nc3 Nc6 6. Bc4 e6 7. Be3 Be7 8. Bb3 0-0 9. 0-0 a6 10. f4 Qc7 11. Kh1 Nxd4 12. Bxd4 e5 13. Be3 exf4 14. Rxf4 Be6 15. Qf3 Nd7 16. Rf1 Ne5 17. Qg3 Ng6 18. R4f2 Bh4 19. Qf3 Bxf2 20. Rxf2 Ne5 21. Qg3 Ng4 22. Rf3 Nxe3 23. Rxe3 Bxb3 24. axb3 Kh8 25. Qh4 h6 26. g4 d5 27. g5 Qe7 28. Nxd5 Qe5 29. gxh6 g5 30. Qh5 Rad8 31. Qf3 Rfe8 32. Nf6 Re6 33. Ng4 1-0

[Event "Titled Tuesday intern op 26th May"]
[Site "Chess.com INT"]
[Date "2020.05.26"]
[Round "1"]
[White "Morefield, Jason P"]
[Black "Tarleva, Vira"]
[Result "1-0"]
[WhiteElo "2227"]
[BlackElo "2030"]
[PlyCount "39"]
[EventDate "2020.05.26"]
[EventType "swiss (blitz)"]
[EventRounds "10"]
[EventCountry "USA"]
[SourceTitle "CBM 196 Extra"]
[Source "ChessBase"]
[SourceDate "2020.07.31"]
[SourceVersion "1"]
[SourceVersionDate "2020.07.31"]
[SourceQuality "1"]

1. d4 d5 2. c4 c6 3. Nc3 Nf6 4. Nf3 a6 5. c5 Nbd7 6. e3 Qc7 7. b4 e5 8. a4 Be7 9. Bb2 0-0 10. Be2 e4 11. Nd2 b6 12. Nb3 bxc5 13. dxc5 Ne5 14. Nd4 Rb8 15. Ba3 a5 16. b5 cxb5 17. Ncxb5 Qd8 18. c6 Bxa3 19. c7 Bb4+ 20. Kf1 1-0

[Event "Titled Tuesday intern op 12th May"]
[Site "Chess.com INT"]
[Date "2020.05.12"]
[Round "10"]
[White "Tarleva, Vira"]
[Black "Guimaraes, Wagner Peixoto"]
[Result "0-1"]
[WhiteElo "2030"]
[BlackElo "2218"]
[PlyCount "94"]
[EventDate "2020.05.12"]
[EventType "swiss (blitz)"]
[EventRounds "10"]
[EventCountry "USA"]
[SourceTitle "EXT 2021"]
[Source "ChessBase"]
[SourceDate "2020.10.23"]
[SourceVersion "1"]
[SourceVersionDate "2020.10.23"]
[SourceQuality "1"]

1. e4 c5 2. Nf3 Nc6 3. d4 cxd4 4. Nxd4 Nf6 5. Nc3 d6 6. Bc4 e6 7. Bb3 a6 8. 0-0 Bd7 9. a4 Rc8 10. f4 Na5 11. Kh1 Nxb3 12. cxb3 Qc7 13. e5 dxe5 14. fxe5 Qxe5 15. Bf4 Qh5 16. Nf3 Bc6 17. Qe2 Bb4 18. Rad1 0-0 19. Ne5 Qxe2 20. Nxe2 Bd5 21. Nd4 Bc5 22. Bg5 Ne4 23. Bh4 g5 24. Be1 f6 25. Nd7 Rf7 26. Nxc5 Nxc5 27. b4 Nxa4 28. b3 Nb6 29. Bg3 Re8 30. Rfe1 Rfe7 31. Bd6 Rd7 32. Bc5 Nc8 33. h3 b6 34. Bxb6 Nxb6 35. Rc1 Kf7 36. Nc6 Bxc6 37. Rxc6 Nd5 38. Rxa6 Nxb4 39. Rb6 Nd5 40. Ra6 Ree7 41. Rb1 Rb7 42. Ra3 Rec7 43. Kh2 Rc3 44. Kg1 h5 45. Kf2 Rc2+ 46. Kf3 Rb4 47. Ra7+ Kg6 0-1

[Event "UKR-ch (Women) 74th"]
[Site "Lvov"]
[Date "2014.11.22"]
[Round "9"]
[White "Muzychuk, Anna"]
[Black "Tarleva, Vira"]
[Result "1-0"]
[WhiteElo "2545"]
[BlackElo "2127"]
[PlyCount "59"]
[EventDate "2014.11.13"]
[EventType "tourn"]
[EventRounds "9"]
[EventCountry "UKR"]
[EventCategory "5"]
[SourceTitle "CBM 163 Extra"]
[Source "ChessBase"]
[SourceDate "2014.12.23"]
[SourceVersion "1"]
[SourceVersionDate "2014.12.23"]
[SourceQuality "1"]

1. Nf3 Nf6 2. c4 c6 3. d4 d5 4. Nc3 a6 5. e3 e6 6. Bd3 dxc4 7. Bxc4 b5 8. Bb3 c5 9. 0-0 Be7 10. Qe2 0-0 11. dxc5 Bxc5 12. e4 Bb7 13. e5 Nd5 14. Nxd5 Bxd5 15. Bg5 Qb6 16. Bxd5 exd5 17. Rfd1 d4 18. Rac1 Nd7 19. b4 Bxb4 20. Rxd4 Ba3 21. Rcd1 Nc5 22. Qe3 Ne6 23. Qxa3 Nxd4 24. Rxd4 Qg6 25. h3 a5 26. Kh2 b4 27. Qe3 Rac8 28. Bf6 Rc3 29. Qd2 Qc2 30. Rg4 1-0

[Event "UKR-ch (Women) 74th"]
[Site "Lvov"]
[Date "2014.11.13"]
[Round "1"]
[White "Tarleva, Vira"]
[Black "Zhukova, Natalia"]
[Result "0-1"]
[WhiteElo "2127"]
[BlackElo "2470"]
[PlyCount "54"]
[EventDate "2014.11.13"]
[EventType "tourn"]
[EventRounds "9"]
[EventCountry "UKR"]
[EventCategory "5"]
[SourceTitle "CBM 163 Extra"]
[Source "ChessBase"]
[SourceDate "2014.12.23"]
[SourceVersion "1"]
[SourceVersionDate "2014.12.23"]
[SourceQuality "1"]

1. e4 e5 2. Nf3 Nc6 3. Nc3 Nf6 4. d4 exd4 5. Nxd4 Bb4 6. Nxc6 bxc6 7. Bd3 0-0 8. 0-0 d5 9. e5 Ng4 10. h3 Nxe5 11. Bxh7+ Kxh7 12. Qh5+ Kg8 13. Qxe5 Bd6 14. Qd4 Bf5 15. Bd2 Rb8 16. Na4 Bxc2 17. b3 Bf5 18. Rac1 Re8 19. Rfe1 Re4 20. Rxe4 dxe4 21. Be3 Qh4 22. Nc5 Re8 23. b4 Bxh3 24. gxh3 Qxh3 25. Qd2 Re5 26. Bf4 Rh5 27. f3 Qh1+ 0-1

[Event "Mukachevo Summer op"]
[Site "Mukachevo"]
[Date "2012.06.26"]
[Round "1"]
[White "Koziak, Vitali"]
[Black "Tarleva, Vira"]
[Result "1-0"]
[WhiteElo "2515"]
[BlackElo "2149"]
[PlyCount "107"]
[EventDate "2012.06.26"]
[EventType "swiss"]
[EventRounds "9"]
[EventCountry "UKR"]
[SourceTitle "CBM 149 Extra"]
[Source "ChessBase"]
[SourceDate "2012.08.24"]
[SourceVersion "1"]
[SourceVersionDate "2012.08.24"]
[SourceQuality "1"]

1. d4 Nf6 2. c4 c5 3. d5 e6 4. Nc3 exd5 5. cxd5 d6 6. e4 g6 7. f4 Bg7 8. Bb5+ Nfd7 9. Be2 0-0 10. Nf3 a6 11. a4 Re8 12. 0-0 Nf6 13. e5 dxe5 14. fxe5 Ng4 15. Bg5 f6 16. exf6 Bxf6 17. Qd2 Bf5 18. Bf4 Nd7 19. h3 Nge5 20. g4 Nxf3+ 21. Bxf3 g5 22. Bg3 Bg6 23. d6 Bd4+ 24. Bf2 Qf6 25. Bxd4 Qxd4+ 26. Qxd4 cxd4 27. Nd5 Rab8 28. Ne7+ Kg7 29. Rad1 d3 30. Nxg6 hxg6 31. Rxd3 Ne5 32. Re3 Nxf3+ 33. Rexf3 Rf8 34. Rxf8 Rxf8 35. d7 Rd8 36. Rd1 b5 37. a5 Kh6 38. Kf2 b4 39. Rd3 b3 40. Rxb3 Rxd7 41. Rb6 Re7 42. b4 Re4 43. Kf3 Rf4+ 44. Ke3 Rc4 45. Kd3 Rf4 46. Kc2 Rf2+ 47. Kb3 Rf3+ 48. Ka4 Rxh3 49. Rxa6 Rg3 50. Rc6 Rxg4 51. a6 Rg1 52. Rc3 Rf1 53. a7 Rf8 54. b5 1-0

[Event "Kharkov Femida (Women)"]
[Site "Kharkov"]
[Date "2011.11.26"]
[Round "7"]
[White "Tarleva, Vira"]
[Black "Sharovskaya, Olga"]
[Result "1-0"]
[WhiteElo "2153"]
[BlackElo "1966"]
[PlyCount "107"]
[EventDate "2011.11.20"]
[EventType "tourn"]
[EventRounds "9"]
[EventCountry "UKR"]
[SourceTitle "CBM 145 Extra"]
[Source "ChessBase"]
[SourceDate "2012.01.03"]
[SourceVersion "1"]
[SourceVersionDate "2012.01.03"]
[SourceQuality "1"]

1. e4 e6 2. d4 d5 3. Nc3 Bb4 4. e5 c5 5. a3 Bxc3+ 6. bxc3 Qc7 7. Qg4 f5 8. Qg3 cxd4 9. Ne2 dxc3 10. Nxc3 a6 11. Bb2 Nc6 12. f4 Nh6 13. Bd3 0-0 14. Rb1 Na5 15. 0-0 Nc4 16. Bxc4 Qxc4 17. Qf3 b5 18. Ne2 Bd7 19. Nd4 a5 20. h3 Rab8 21. Rfd1 b4 22. Ra1 Ra8 23. axb4 axb4 24. Qb3 Qxb3 25. cxb3 Rfc8 26. Rxa8 Rxa8 27. Ra1 Rxa1+ 28. Bxa1 Nf7 29. Nc2 Nd8 30. Nxb4 Bb5 31. Nc2 Nc6 32. Kf2 Kf7 33. Ke3 Bf1 34. Ne1 Ke7 35. Bd4 Kd7 36. Bc5 Na5 37. b4 Nb3 38. Kf2 Ba6 39. Nf3 g6 40. g4 Kc6 41. Ke3 Bf1 42. gxf5 exf5 43. e6 Bb5 44. Nd4+ Nxd4 45. Kxd4 Kc7 46. Kxd5 Kd8 47. Ke5 Ke8 48. Kf6 Bc4 49. h4 Kd8 50. h5 Ke8 51. h6 Bb3 52. b5 Bc4 53. b6 Bd5 54. Kg7 1-0

[Event "Kharkov Femida (Women)"]
[Site "Kharkov"]
[Date "2011.11.24"]
[Round "5"]
[White "Tarleva, Vira"]
[Black "Andrenko, Irina"]
[Result "0-1"]
[WhiteElo "2153"]
[BlackElo "2210"]
[PlyCount "100"]
[EventDate "2011.11.20"]
[EventType "tourn"]
[EventRounds "9"]
[EventCountry "UKR"]
[SourceTitle "CBM 145 Extra"]
[Source "ChessBase"]
[SourceDate "2012.01.03"]
[SourceVersion "1"]
[SourceVersionDate "2012.01.03"]
[SourceQuality "1"]

1. e4 g6 2. d4 Bg7 3. Nc3 d6 4. Be3 c6 5. h4 Nf6 6. h5 Qa5 7. h6 Bf8 8. f3 Nbd7 9. g4 e5 10. Nge2 b5 11. Qd2 Nb6 12. Ng3 Be7 13. a3 Nc4 14. Bxc4 bxc4 15. g5 Nd7 16. f4 exf4 17. Bxf4 Rb8 18. Rb1 0-0 19. 0-0 Qd8 20. e5 d5 21. Qe3 Rb7 22. Kh1 Nb6 23. Nge2 Be6 24. Qg3 Nd7 25. Be3 Qb8 26. Nf4 Rxb2 27. Nxe6 fxe6 28. Qh3 Rf5 29. Rxf5 Rxb1+ 30. Nxb1 exf5 31. Nd2 Nf8 32. Qf1 Ne6 33. Nxc4 Qb5 34. Nd2 Qxf1+ 35. Nxf1 Bxa3 36. Nh2 Bb2 37. Nf3 a5 38. Ne1 a4 39. Nd3 a3 40. Nb4 Bc3 41. Na2 Bxd4 42. Bc1 Bb2 43. Bd2 Bxe5 44. Bb4 Nxg5 45. Bxa3 Nf7 46. Bc1 c5 47. Ba3 Bd4 48. Nc1 Nxh6 49. Nb3 Ng4 50. Nxc5 Ne3 0-1

[Event "Anapa"]
[Site "Anapa"]
[Date "2011.09.03"]
[Round "4"]
[White "Tarleva, Vira"]
[Black "Lugovskoy, Maxim"]
[Result "0-1"]
[WhiteElo "2125"]
[BlackElo "2520"]
[PlyCount "54"]
[EventDate "2011.08.31"]
[EventType "tourn"]
[EventRounds "11"]
[EventCountry "RUS"]
[EventCategory "2"]
[SourceTitle "EXT 2013"]
[Source "ChessBase"]
[SourceDate "2012.11.22"]
[SourceVersion "1"]
[SourceVersionDate "2012.11.22"]
[SourceQuality "1"]

1. e4 e6 2. d4 d5 3. Nc3 Bb4 4. e5 c5 5. a3 Bxc3+ 6. bxc3 Ne7 7. h4 Qc7 8. Rh3 b6 9. Bb5+ Bd7 10. a4 Nbc6 11. Ba3 Na5 12. h5 Bxb5 13. axb5 h6 14. Qg4 Nf5 15. Qf4 Nc4 16. g4 Ne7 17. Rf3 Rf8 18. Bc1 Qd7 19. Rb1 a5 20. bxa6 Rxa6 21. Ne2 Ra2 22. Ng3 Qa4 23. dxc5 Qxc2 24. Rb5 g5 25. hxg6 Nxg6 26. Qxh6 Rh8 27. Qg5 Qe2+ 0-1